000 00752nam a22001937a 4500
999 _c164145
_d164145
005 20190513111652.0
010 _aUR-10099
020 _c200.00
_a9789387829848
035 _aU-8654
037 _bDBAD/PUB
082 _a921.8
100 _aنو ر ی خا تو ن
245 _aنسيمہ تر ا ب الحسن حيات،شخصيت ا و ر کا ر نا مے
_cنو ر ی خا تو ن
246 _b‏Naseema Tarabul Hasan Hayat,Shakhsiyat Aur Adabi Karnamay (Urdu)
_aby Noori Khatoon
260 _a Delhi
_bEducational Publishing House
_c2018 ء
270 _a3191،Vakil Street,Kucha Pandit,Lal Kuan,
_bDelhi
_e110006
_k23216162
_l00911123211540
300 _a180ص
_c22 Cm.(bk)
942 _2ddc
_cUR
_h921.8
_mن و ر